Влияние и развитие искусственного интеллекта на экономику; Прогрессивные технологии и экономика в машиностроении

Detaylı Bibliyografya
Parent link:Прогрессивные технологии и экономика в машиностроении.— 2024.— С. 180-182
Yazar: Багдасарян М. Г.
Müşterek Yazar: Национальный исследовательский Томский политехнический университет
Diğer Yazarlar: Полицинская Е. В. Екатерина Викторовна (научный руководитель)
Özet:В настоящее время актуальной становится проблема внедрения новых технологий и формирования цифровой экономики. В данной статье рассматривается понятие искусственного интеллекта как науки или технологии создания интеллектуальных машин, в частности интеллектуальных компьютерных программ, которые внедряются в экономику. Рассмотрена роль искусственного интеллекта в экономике
Currently, the problem of the introduction of new technologies and the formation of the digital economy is becoming urgent. This article discusses the concept of artificial intelligence as a science or technology for creating intelligent machines, in particular intelligent computer programs that are being introduced into the economy. The role of artificial intelligence in the economy is considered
Текстовый файл
Dil:Rusça
Baskı/Yayın Bilgisi: 2024
Seri Bilgileri:Информационные технологии, экономика, управление
Konular:
Online Erişim:http://earchive.tpu.ru/handle/11683/80288
Materyal Türü: Elektronik Kitap Bölümü
KOHA link:https://koha.lib.tpu.ru/cgi-bin/koha/opac-detail.pl?biblionumber=673160

MARC

LEADER 00000naa2a2200000 4500
001 673160
005 20240723104627.0
090 |a 673160 
100 |a 20240618d2024 k||y0rusy50 ca 
101 0 |a rus 
102 |a RU 
135 |a drcn ---uucaa 
200 1 |a Влияние и развитие искусственного интеллекта на экономику  |f М. Г. Багдасарян  |g науч. рук. Е. В. Полицинская ; Национальный исследовательский Томский политехнический университет 
225 1 |a Информационные технологии, экономика, управление 
283 |2 RDAcarrier 
320 |a Список использованных источников: 3 назв. 
330 |a В настоящее время актуальной становится проблема внедрения новых технологий и формирования цифровой экономики. В данной статье рассматривается понятие искусственного интеллекта как науки или технологии создания интеллектуальных машин, в частности интеллектуальных компьютерных программ, которые внедряются в экономику. Рассмотрена роль искусственного интеллекта в экономике 
330 |a Currently, the problem of the introduction of new technologies and the formation of the digital economy is becoming urgent. This article discusses the concept of artificial intelligence as a science or technology for creating intelligent machines, in particular intelligent computer programs that are being introduced into the economy. The role of artificial intelligence in the economy is considered 
336 |a Текстовый файл 
463 1 |0 672887  |9 672887  |c Томск  |d 2024  |n Изд-во ТПУ  |t Прогрессивные технологии и экономика в машиностроении  |o сборник трудов XV Всероссийской научно-практической конференции для студентов и учащейся молодежи, г. Юрга, 11–13 апреля 2024 г.  |a Солодский, С. А. (специалист в области экологии и безопасности жизнедеятельности ; 1980-)  |u conference_tpu-2024-C57.pdf  |v С. 180-182  |p 1 файл (5,61 Мб, 263 с.) 
610 1 |a труды учёных ТПУ 
610 1 |a электронный ресурс 
610 1 |a искусственный интеллект 
610 1 |a ИИ алгоритмы 
610 1 |a данные 
610 1 |a экономика 
700 1 |a Багдасарян  |b М. Г.  
702 1 |a Полицинская  |b Е. В.  |c экономист  |c доцент Юргинского технологического института (филиала) Томского политехнического университета, кандидат педагогических наук  |f 1983-  |g Екатерина Викторовна  |4 727 
712 0 2 |a Национальный исследовательский Томский политехнический университет  |c (2009- )  |9 26305 
801 0 |a RU  |b 63413507  |c 20240618 
850 |a 63413507 
856 4 |u http://earchive.tpu.ru/handle/11683/80288  |z http://earchive.tpu.ru/handle/11683/80288 
942 |c CF